UM Logo

Everybody wants some!! deserves a third exclamation mark/ (Record no. 11302)

MARC details
000 -LEADER
fixed length control field 00492nam a2200133 4500
008 - FIXED-LENGTH DATA ELEMENTS--GENERAL INFORMATION
fixed length control field 181113b ||||| |||| 00| 0 eng d
082 ## - DEWEY DECIMAL CLASSIFICATION NUMBER
Classification number DPer 050 T48 Apr-June 2016 v. 187, n. 12-24.
100 ## - MAIN ENTRY--PERSONAL NAME
9 (RLIN) 32521
Personal name Zacharek, Stephanie
245 ## - TITLE STATEMENT
Title Everybody wants some!! deserves a third exclamation mark/
Statement of responsibility, etc. Stephanie Zacharek.
260 ## - PUBLICATION, DISTRIBUTION, ETC. (IMPRINT)
Place of publication, distribution, etc. Hong Kong;
Name of publisher, distributor, etc. Time Asia,
Date of publication, distribution, etc. c2016.
300 ## - PHYSICAL DESCRIPTION
Extent v187 n13, pages 39-40:
Other physical details illustrations;
Dimensions 27 cm.
650 #0 - SUBJECT ADDED ENTRY--TOPICAL TERM
9 (RLIN) 32522
Topical term or geographic name as entry element Motion pictures industry.
942 ## - ADDED ENTRY ELEMENTS (KOHA)
Source of classification or shelving scheme Dewey Decimal Classification
Koha item type Periodicals
Holdings
Withdrawn status Lost status Source of classification or shelving scheme Damaged status Not for loan Collection code Home library Current library Date acquired Total Checkouts Full call number Date last seen Price effective from Koha item type Public note
    Dewey Decimal Classification     Periodicals UM Digos College - LIC UM Digos College - LIC 11/13/2018   DPer 050 T48 Apr-June 2016 v. 187, n. 12-24. 11/13/2018 11/13/2018 Periodicals Periodical article